000 00716nam a2200217Ia 4500
003 GCL
008 140319s9999 xx 000 0 ara d
040 _aGCL /
_cGCL
082 0 4 _a914.2038
_bا ش
100 1 _aاحمد بن عمر الزيلكى
245 1 0 _aشواهد القبور فى دار الاثار الاسلامية بالكويت /
_cاحمد بن عمر الزيلكى
260 _a[S.N] :
_bدار الاثار الاسلامية ،
_c1989
490 _a
650 0 4 _aالكويت
650 0 4 _aالاثار الاسلامية
650 0 4 _aالاثار
650 0 4 _aالحضارة الاسلامية
650 0 4 _aشواهد القبور
650 0 4 _aالنقوش
942 _2ddc
_cBK
999 _c29847
_d29847